Špecifikácia súčiastkovej základne pre výrobný systém iCIM 3000 od firmy FESTO

Saved in:
Bibliographic Details
Main Author: Hošták, Richard, 1985- (Author)
Other Authors: Bučányová, Marcela, 1975- (Thesis advisor)
Format: Manuscript Book
Language:Slovak
Published: Trnava : STU v Bratislave MTF UVSM, 2014
Subjects:
Online Access:VAIS
Tags: Add Tag
No Tags, Be the first to tag this record!

MARC

LEADER 00000ntm a22000003a 4500
001 stu292494
005 20150617230300.8
008 140626s2014----xo------------------slo-d
040 |a STU  |b slo 
041 0 |a slo 
044 |a xo 
100 1 |a Hošták, Richard,  |d 1985-  |4 aut  |u M  |T MTF Materiálovotechnologická fakulta  |X 55136  |U M  |Y 60  |7 A000055136 
242 0 0 |a The specification of component basis for the production system iCIM 3000 of the company FESTO  |y eng 
245 1 |a Špecifikácia súčiastkovej základne pre výrobný systém iCIM 3000 od firmy FESTO 
260 |a Trnava :  |b STU v Bratislave MTF UVSM,  |c 2014 
300 |a 70s  |c CD 
650 7 |a výrobné zariadenia a systémy  |2 stusub 
650 7 |a Production Devices and Systems  |2 estusub 
650 7 |a klasifikácia  |2 stusub 
650 7 |a výrobný systém  |2 stusub 
700 1 |a Bučányová, Marcela,  |d 1975-  |4 ths  |u M2000  |U MTF Materiálovotechnologická fakulta  |T MTF Ústav výrobných systémov a aplikovanej mechaniky  |X 4306  |U M2000  |Y 82  |7 A000004306 
856 4 |a info a plný text  |u http://is.stuba.sk/zp/portal_zp.pl?podrobnosti=99281  |3 VAIS 
996 |c M*DP-11695  |l MMSKP  |s P  |a 0  |w stu292494_0001